header

The politics of same-sex marriage (Record no. 10527)

MARC details
000 -LEADER
fixed length control field 01418nam a2200349Ia 4500
082 04 - DEWEY DECIMAL CLASSIFICATION NUMBER
Classification number 306.84/80973
245 04 - TITLE STATEMENT
Title The politics of same-sex marriage
260 ## - PUBLICATION, DISTRIBUTION, ETC. (IMPRINT)
Place of publication Chicago :
Name of publisher University of Chicago Press,
Year of publication c2007.
300 ## - PHYSICAL DESCRIPTION
Number of Pages 385 p. :
Other physical details ill.
650 #0 - SUBJECT ADDED ENTRY--TOPICAL TERM
Topical Term Same-sex marriage
Topical Term Same-sex marriage
700 1# - ADDED ENTRY--PERSONAL NAME
Personal name Rimmerman, Craig A.
Personal name Wilcox, Clyde,
856 40 - ELECTRONIC LOCATION AND ACCESS
Uniform Resource Identifier http://site.ebrary.com/lib/rucke/Doc?id=10265955

No items available.

© 2026 Rongo University
Contact us: librarian | system librarian | Rongo university